Hanʼguk yadam chŏnjip / (Record no. 35436)

MARC details
000 -LEADER
fixed length control field 01101cam a22003011a 4500
001 - CONTROL NUMBER
control field k 68000658
003 - CONTROL NUMBER IDENTIFIER
control field DLC
005 - DATE AND TIME OF LATEST TRANSACTION
control field 20260227111525.0
008 - FIXED-LENGTH DATA ELEMENTS--GENERAL INFORMATION
fixed length control field 991028s1964 ko a 000 0 kor
010 ## - LIBRARY OF CONGRESS CONTROL NUMBER
LC control number k 68000658
035 ## - SYSTEM CONTROL NUMBER
System control number (CStRLIN)DCLP99-B11511
040 ## - CATALOGING SOURCE
Original cataloging agency DLC
Transcribing agency DLC-R
Modifying agency DLC
043 ## - GEOGRAPHIC AREA CODE
Geographic area code a-kr---
050 00 - LIBRARY OF CONGRESS CALL NUMBER
Classification number PN6267.K6
Item number H3
066 ## - CHARACTER SETS PRESENT
Alternate G0 or G1 character set $1
245 00 - TITLE STATEMENT
Linkage 880-01
Title Hanʼguk yadam chŏnjip /
Statement of responsibility, etc. [pʻyŏnjŏja taepʻyo, Paek Tae-jin, Kim Yong-je].
260 ## - PUBLICATION, DISTRIBUTION, ETC.
Linkage 880-02
Place of publication, distribution, etc. [Sŏul] :
Name of publisher, distributor, etc. Samsŏng Chʻulpʻansa,
Date of publication, distribution, etc. [1964]
300 ## - PHYSICAL DESCRIPTION
Extent 10 v. :
Other physical details ill. ;
Dimensions 19 cm.
505 0# - FORMATTED CONTENTS NOTE
Formatted contents note 1. Koguryŏ pʻyŏn -- 2. Paekche pʻyŏn -- 3-4. Silla pʻyŏn -- 5-6. Koryŏ pʻyŏn -- 7-10. Yijo pʻyŏn.
650 #0 - SUBJECT ADDED ENTRY--TOPICAL TERM
Topical term or geographic name entry element Anecdotes.
651 #0 - SUBJECT ADDED ENTRY--GEOGRAPHIC NAME
Geographic name Korea
General subdivision History
Form subdivision Anecdotes.
700 1# - ADDED ENTRY--PERSONAL NAME
Linkage 880-03
Personal name Paek, Tae-jin.
700 1# - ADDED ENTRY--PERSONAL NAME
Linkage 880-04
Personal name Kim, Yong-je,
Dates associated with a name 1909-
880 00 - ALTERNATE GRAPHIC REPRESENTATION
Linkage 245-01/$1
a 韓國 野談 全集 /
c [編著者 代表・白 大鎭・金 龍濟].
880 ## - ALTERNATE GRAPHIC REPRESENTATION
Linkage 260-02/$1
a [서울] :
b 三省 出版社,
c [1964]
880 1# - ALTERNATE GRAPHIC REPRESENTATION
Linkage 700-03/$1
a 白 大鎭.
880 1# - ALTERNATE GRAPHIC REPRESENTATION
Linkage 700-04/$1
a 金 龍濟,
d 1909-

No items available.

Powered by Koha